000 01523 a2200253 4500
001 47001
005 20260407155739.0
008 260407a1983 arg spa d
003 AR-UNSa-BCEJYS
040 _aAR-UNSa-BCEJYS
_bspa
_cAR-UNSa-BCEJYS
080 _a330.101.542
_xMicroeconomía
245 1 0 _aIntroducción a la teoría microeconómica
020 _a84-316-2176-1
264 1 _aBarcelona :
_bVicens-Vives
_c1983
300 _axiv, 428 p.
_c22 cm.
505 _a1. Introducción - 2. Teoría del cambio : oferta y demanda - 3. Análisis de la demanda y la oferta - 4. Estática, dinámica y estabilidad del equilibrio - 5. Teoría de la conducta del consumidor - 6. Aplicaciones del análisis de utilidad - 7. La teoría de la producción - 8. Costes de producción - 9. El mercado y las estructuras industriales - 10. La teoría de la empresa - 11. Teoría de la empresa en una industria de competencia perfecta - 12. Teoría de la empresa en una industria competitiva (competencia monopolística) - 13. El monopolio - 14. El oligopolio - 15. Teorías de la distribución de la renta - 16. La determinación del precio de los factores productivos - 17. Equilibrio general - 18. Economía del bienestar.
041 _aspa
942 _cBK
590 _aniveau_biblio:m niveau_hierar:0
100 1 _aFernández de Castro, J.M.
700 1 _aAsimakopulos, Athanasios
700 1 _aAguiló, Eugeni
856 4 1 _uhttps://www.biblioeco.unsa.edu.ar/pmb/images/libros/L127367.jpg
_yImagen de portada
_qimage/jpeg
999 _c4266
_d4266